书目信息 |
| 题名: |
钩针棒针图案编织花样
|
|
| 作者: | 鹏易 编 | |
| 分册: | ||
| 出版信息: | 上海 上海科学普及出版社 2008.09 |
|
| 页数: | 271页 | |
| 开本: | 29cm | |
| 丛书名: | ||
| 单 册: | ||
| 中图分类: | TS935.52-64 | |
| 科图分类: | ||
| 主题词: | 钩针--gou zhen--绒线--编织--图集 , 棒针--bang zhen--绒线--编织--图集 | |
| 电子资源: | ||
| ISBN: | 978-7-5427-4114-1 | |
| 000 | 00878nam0 2200241 450 | |
| 001 | 012009035534 | |
| 005 | 20090112103427.21 | |
| 010 | @a978-7-5427-4114-1@dCNY38.00 | |
| 100 | @a20090112d2008 em y0chiy0120 ea | |
| 101 | 0 | @achi |
| 102 | @aCN@b310000 | |
| 105 | @aa z 000yy | |
| 106 | @ar | |
| 200 | 1 | @a钩针棒针图案编织花样@Agou zhen bang zhen tu an bian zhi hua yang@f鹏易编@Fpeng yi bian |
| 210 | @a上海@c上海科学普及出版社@d2008.09 | |
| 215 | @a271页@c图@d29cm | |
| 330 | @a本书内容包括钩针图案编织花样、棒针图案编织花样、钩针图案编织花样针法图参考、棒针图案编织花样针法图参考、钩针图案编织符号学习参考和棒针图案编织符号学习参考。 | |
| 606 | 0 | @a钩针@Agou zhen@x绒线@x编织@j图集 |
| 606 | 0 | @a棒针@Abang zhen@x绒线@x编织@j图集 |
| 690 | @aTS935.52-64@v4 | |
| 701 | 0 | @a鹏易@Apeng yi@4编 |
| 801 | 0 | @aCN@bQSSK@c20090112 |
| 905 | @b737017-19@dTS935.52-64@eP604@f3 | |
| 钩针棒针图案编织花样/鹏易编.-上海:上海科学普及出版社,2008.09 |
| 271页:图;29cm |
| ISBN 978-7-5427-4114-1:CNY38.00 |
| 本书内容包括钩针图案编织花样、棒针图案编织花样、钩针图案编织花样针法图参考、棒针图案编织花样针法图参考、钩针图案编织符号学习参考和棒针图案编织符号学习参考。 |
| ● |
| 相关链接 |
|
|
|
正题名:钩针棒针图案编织花样
索取号:TS935.52-64/P604
 
预约/预借
| 序号 | 登录号 | 条形码 | 馆藏地/架位号 | 状态 | 备注 |
| 1 | 737017 | 207370174 | 自科二线400A/400A自科库 31排3列3层/ [索取号:TS935.52-64/P604] | 在馆 | |
| 2 | 737018 | 207370183 | 自科库501/501自科库 43排7列1层/ [索取号:TS935.52-64/P604] | 在馆 | |
| 3 | 737019 | 207370192 | 自科库501/501自科库 43排7列1层/ [索取号:TS935.52-64/P604] | 在馆 |